00422nam a22001577a 450000500170000000800410001702000150005804100130007308200140008610000130010024500330011325000190014626000470016530000260021265000260023820231116084947.0231116b |||||||| |||| 00| 0 eng d a0409037818 aEnglish  a344.1 LAB lEnglish  aLabour Relations Act 66/1995 aFifth Edition  aDurban : bLexisNexis Butterworths, c2003 b199 pages ; c25 cm.  aLegal practice bLaw